[Event "Russia-China Match 2019"]
[Site "Moscow"]
[Date "2019.11.26"]
[Round "1.1"]
[White "Lu, Shanglei"]
[Black "Fedoseev, Vladimir"]
[Result "1-0"]
[WhiteElo "2611"]
[BlackElo "2672"]
[Annotator "TA"]
[PlyCount "63"]
[EventDate "2019.11.26"]
[EventType "schev"]
[EventCountry "RUS"]
[SourceTitle "playchess.com"]
[Source "ChessBase"]
[SourceQuality "1"]

{[%evp 12,79,31,16,19,16,21,10,18,20,27,16,23,1,14,20,27,34,46,33,47,47,76,39,93,76,78,75,54,57,72,75,159,158,147,161,182,176,181,127,131,147,220,206,212,213,287,277,263,261,338,352,488,344,589,594,587,585,580,545,1163,1074,1593,1472,29987,29988,29988,29989,29989,29990]} 1. e4 c6 2. Nc3 d5 3. Nf3 Bg4 4. h3 Bxf3 5. Qxf3 Nf6 6. d3 e6 7. Qg3 h5 $146 {B11: Caro-Kann: Two Knights Variation} ({Predecessor:} 7... Nh5 8. Qh2 Bb4 9. Be2 Nf6 10. O-O O-O 11. Qg3 Kh8 12. e5 Nfd7 13. d4 Be7 14. a3 c5 15. dxc5 Bxc5 {1-0 (69) Naiditsch,A (2702)-Dautov,R (2596) Germany 2017}) 8. Be2 h4 9. Qg5 d4 {The position is equal.} 10. Nb1 {[%cal Bc3b1,Bb1d2,Bd2f3][%mdl 32]} c5 11. Nd2 Nc6 12. Nf3 g6 13. O-O Be7 14. Qd2 Qc7 15. c3 Nd7 16. Qc2 e5 17. Bd1 Rc8 (17... O-O-O $14) 18. Qe2 $16 c4 19. cxd4 Nxd4 20. Nxd4 exd4 21. dxc4 Ne5 (21... Qxc4 $142 22. Qxc4 Rxc4) 22. Ba4+ $1 Kf8 23. b3 d3 {[#]} 24. Qd2 $1 Qb6 25. Kh1 (25. Bb2 $18 Rh5 26. Bxe5 Rxe5 27. Qxd3) 25... Bb4 26. Qb2 Qa5 (26... Rh5 $16) 27. f4 $18 Bc3 28. Qa3+ Kg8 29. fxe5 Bxa1 {[#]} 30. e6 $1 {[%mdl 512]} d2 {[#]} (30... fxe6 31. Qe7) 31. Qe7 $1 {[%csl Ge6,Gf1][%cal Re7f7][%mdl 512]} Bg7 {[#]} 32. Qxf7+ {Played: Bc1-b2} 1-0

[Event "Russia-China Match 2019"]
[Site "Moscow"]
[Date "2019.11.26"]
[Round "1.2"]
[White "Bai, Jinshi"]
[Black "Sarana, Alexey"]
[Result "1-0"]
[WhiteElo "2600"]
[BlackElo "2664"]
[Annotator "TA"]
[PlyCount "149"]
[EventDate "2019.11.26"]
[EventType "schev"]
[EventCountry "RUS"]
[SourceTitle "playchess.com"]
[Source "ChessBase"]
[SourceQuality "1"]

{[%evp 15,149,0,29,26,29,26,41,36,41,32,39,30,46,23,29,13,66,71,80,54,62,58,61,54,54,56,64,65,56,54,50,54,72,62,79,60,82,82,82,82,92,61,55,53,68,61,105,110,100,109,109,99,105,105,134,129,119,99,133,117,135,89,112,0,90,83,83,83,102,51,56,15,15,20,15,16,100,17,17,17,25,8,8,8,8,8,8,8,8,8,8,8,8,8,8,8,8,8,8,8,8,8,8,8,64,0,8,0,73,19,80,77,74,70,29968,29970,29969,8,8,8,29971,29973,29972,29973,29973,29974,29976,29978,29979,29980,29980,29981,29981,29982,29982,29984]} 1. Nf3 d5 2. g3 Nf6 3. Bg2 g6 4. d4 c6 5. O-O Bg7 6. Nbd2 O-O 7. c3 Nbd7 8. Re1 Re8 9. e4 {D02: 1 d4 d5 2 Nf3 sidelines, including 2...Nf6 3 g3 and 2...Nf6 3 Bf4} Nxe4 10. Nxe4 dxe4 11. Rxe4 {White is slightly better.} Nf6 12. Re1 Bf5 13. Ne5 Be6 $146 ({Predecessor:} 13... Nd7 14. f4 Nxe5 15. fxe5 Qd7 16. Bf4 Red8 {1-0 (43) Vajda,L (2558)-Vardan,N (2453) Budapest 2018}) 14. a4 a5 15. Qe2 Bd5 (15... Nd7 $11) 16. Bh3 $14 Be4 17. Bf4 Bf5 18. Bxf5 gxf5 19. Nd3 Nd5 20. Qh5 e6 21. Bg5 Qd6 22. Ne5 Qc7 23. Bh6 f6 24. Nd3 Bxh6 25. Qxh6 Qf7 26. Re2 Rad8 27. Rae1 b6 28. h4 Kh8 29. Nf4 Rd6 30. Nxd5 (30. Kh2 {looks sharper.} Nxf4 31. Qxf4 Rd5 32. c4 Rdd8 33. b3) 30... cxd5 31. Qf4 Red8 32. f3 Rc6 33. Kh2 Rg8 34. g4 fxg4 35. fxg4 Rf8 36. Rf2 Kg8 37. Re3 Qg7 38. Rfe2 Qd7 39. Rf2 (39. Kh3 $16) 39... Qd6 (39... Qg7 $1 $11 {keeps the balance.}) 40. Qxd6 $16 Rxd6 {[%mdl 4096] Endgame KRR-KRR} 41. Ref3 Kg7 42. Kg3 (42. g5 $16) 42... Rdd8 $14 43. g5 fxg5 44. hxg5 {Hoping for Rxf8.} Rxf3+ 45. Rxf3 $11 {KR-KR} Rb8 (45... b5 $1 $11) 46. Rf6 (46. Kf4 $1 $16) 46... b5 $1 47. axb5 Rxb5 48. Rxe6 Rxb2 49. Ra6 Rc2 50. Rxa5 Rxc3+ 51. Kf4 Rc1 52. Rxd5 Rf1+ 53. Ke4 {With the idea Re5.} Re1+ 54. Kf5 Rf1+ 55. Ke6 Rd1 $1 56. Rd7+ Kg6 57. d5 {Strongly threatening Re7.} Re1+ 58. Kd6 {Black must now prevent Re7.} Rg1 59. Rd8 {Re8 is the strong threat.} Kf7 (59... Rh1 $11) 60. Rd7+ (60. Rh8 $1 $14 Kg7 61. Re8 Rxg5 62. Kc6) 60... Kg6 61. Rd8 ({White should play} 61. Re7 $11 Rxg5 62. Re3) 61... Kf7 $16 62. Kc6 ({White should try} 62. Rh8 $1 $16 {[%cal Rh8h7]} Kg7 63. Rc8) 62... Rxg5 (62... Rc1+ $11 63. Kd7 Rg1) 63. Rh8 Kg7 64. Rc8 {aiming for d6.} Rg1 $2 {[%mdl 8192]} (64... Rg2 $14) 65. d6 $1 {[%cal Rd6d7]} Rc1+ 66. Kb7 $2 (66. Kd7 {mates} Rd1 67. Ke7 Re1+ 68. Kd8 Rd1 69. d7 Kf6 70. Rc5 h6 71. Kc8) 66... Rd1 $11 67. Kc7 {Threatens to win with d7.} Rc1+ $2 {[%mdl 8192]} (67... Kf6 $11) 68. Kd8 {White mates.} Rd1 69. d7 $1 Kf6 {[#]} 70. Rc5 $1 Kf7 71. Kc8 Ke7 72. Rc7 Kf6 73. d8=Q+ Rxd8+ 74. Kxd8 h5 {[#]} 75. Rc5 $1 {Accuracy: White = 51%, Black = 54%.} 1-0

[Event "Russia-China Match 2019"]
[Site "Moscow"]
[Date "2019.11.26"]
[Round "1.3"]
[White "Xu, Xiangyu"]
[Black "Chigaev, Maksim"]
[Result "1-0"]
[WhiteElo "2583"]
[BlackElo "2623"]
[Annotator "TA"]
[PlyCount "72"]
[EventDate "2019.11.26"]
[EventType "schev"]
[EventCountry "RUS"]
[SourceTitle "playchess.com"]
[Source "ChessBase"]
[SourceQuality "1"]

{[%evp 9,72,-19,-8,-55,-36,-45,-57,-44,0,-9,0,-10,2,17,25,12,3,30,70,67,75,33,29,0,65,72,72,79,77,77,101,101,100,102,121,112,161,162,158,174,157,159,144,148,157,155,217,225,212,224,239,228,468,464,446,386,722,708,708,659,617,616,910,900,1633]} 1. d4 Nf6 2. Bf4 d6 3. Nc3 Nbd7 4. Nf3 c5 (4... c6 5. e4 Qa5 6. e5 Ne4 7. e6 fxe6 8. Bd3 e5 9. dxe5 Nxc3 10. bxc3 Nxe5 11. Bxe5 dxe5 {½-½ (36) Kuzubov,Y (2671)-Ivanchuk,V (2684) Konya 2019}) 5. dxc5 Nxc5 6. e4 {A45: Trompowsky Attack} Ncxe4 7. Nxe4 Nxe4 8. Qd5 {Black is slightly better.} Nf6 $146 ({Predecessor:} 8... Nc5 9. Bb5+ Bd7 10. Bxd7+ Qxd7 11. O-O {0-1 (46) Jans,A (1844)-Goebel,K (2215) ICCF email 2010}) 9. Bb5+ Bd7 10. Qxb7 Bxb5 (10... g6 {feels hotter.} 11. O-O Bg7 12. Bxd7+ Nxd7 13. Rfe1 Rb8) 11. Qxb5+ Qd7 12. Qxd7+ Nxd7 13. O-O-O Nb6 14. Rhe1 $1 Kd7 15. Ne5+ Ke8 16. Nf3 Kd7 $1 17. Ng5 f6 18. Ne6 g5 19. Bd2 g4 20. b3 $36 {[%mdl 2048] White is really pushing.} Rc8 21. c4 Ke8 22. Be3 $1 Kf7 {White should prevent ...Nxc4.} 23. Bxb6 $1 axb6 24. Rd5 $1 Ra8 25. a4 Bh6+ 26. Kc2 $1 Ra5 27. Kd3 Rc8 {[#]} (27... Rb8 $16) 28. Rb5 $1 $18 Rxb5 29. cxb5 {[%mdl 4096] Endgame KRB-KRN} d5 30. b4 {[%cal Bb3b4,Bb4a5,Ba5a6,Ba6a7][%mdl 32]} Ra8 $2 {[#]} (30... Rb8 31. Nd4 Ra8) 31. a5 $1 {[%mdl 512]} bxa5 32. Nc7 $1 {[%csl LRa8,LRd5][%mdl 64] Double Attack} Rc8 $2 (32... Rb8 33. bxa5 Bf4) 33. bxa5 {White is clearly winning.} Rxc7 34. a6 d4 35. Ra1 e5 {aiming for ...Rc3+.} 36. a7 Rc3+ {Accuracy: White = 84%, Black = 47%.} 1-0

[Event "Russia-China Match 2019"]
[Site "Moscow"]
[Date "2019.11.26"]
[Round "1.4"]
[White "Esipenko, Andrey"]
[Black "Xu, Yinglun"]
[Result "1-0"]
[WhiteElo "2636"]
[BlackElo "2554"]
[Annotator "TA"]
[PlyCount "105"]
[EventDate "2019.11.26"]
[EventType "schev"]
[EventCountry "RUS"]
[SourceTitle "playchess.com"]
[Source "ChessBase"]
[SourceQuality "1"]

{[%evp 16,105,10,8,8,4,9,6,36,33,35,34,67,67,59,62,66,64,53,64,57,52,65,51,68,47,45,37,44,51,82,60,84,89,89,72,93,94,95,93,89,78,102,102,102,102,102,102,102,108,166,147,212,203,242,217,252,150,234,223,203,163,155,131,160,142,136,115,231,218,262,262,262,262,345,151,476,467,462,452,408,406,1912,1735,1500,1564,1887,1794,1911,1583,1702,1251]} 1. d4 d5 2. c4 e6 3. Nf3 Nf6 4. g3 Bb4+ 5. Bd2 Be7 6. Bg2 O-O 7. O-O c6 8. Bf4 b6 9. Nc3 {[%cal Bb1c3,Bc3b5,Bb5d6][%mdl 32]} Bb7 {E06: Closed Catalan: Early deviations} 10. Qb3 (10. Qd3 Na6 11. a3 dxc4 12. Qxc4 Nd5 13. Ne5 Rc8 14. Rfd1 Nb8 15. Qa4 Nxf4 16. gxf4 a5 {1-0 (24) Vidit,S (2711)-Roiz,M (2607) Porto Carras 2018}) 10... Nh5 11. Be5 Nd7 $146 {The position is equal.} ({Predecessor:} 11... Na6 12. g4 Nf6 13. h3 c5 14. Rfd1 Qc8 {½-½ (32) Schmidt,L (2402)-Punzon Moraleda,J (2485) ICCF email 2016}) 12. cxd5 cxd5 13. Nb5 {aiming for Bc7.} a6 14. Bc7 $1 {[%cal Rc7d8]} Qc8 15. Bd6 Qd8 16. Qa3 Re8 17. Bxe7 Rxe7 18. Nd6 Ndf6 19. Ne5 Ne8 20. Nxb7 Rxb7 21. Rfc1 Nhf6 22. Rc6 Nd7 23. Rac1 $36 {[%mdl 2048] White is more active.} Nxe5 24. dxe5 a5 25. Qc3 Rab8 26. e3 b5 27. Bf1 g6 28. b3 h5 29. Rc8 Rxc8 30. Qxc8 Qxc8 31. Rxc8 $16 {[%mdl 4096] Endgame KRB-KRN} Kf8 32. Ra8 b4 (32... a4 $16) 33. Rxa5 Nc7 (33... f6 $16) 34. Bd3 Ke7 35. h4 Rb6 36. Rc5 (36. Ra7 $18 Kd7 37. Kg2) 36... Kd8 (36... Na6 $16 {might work better.} 37. Ra5 Nb8) 37. Kg2 $18 Na6 38. Rc2 Nb8 39. e4 Nc6 40. f4 $1 Ne7 41. Kf2 dxe4 (41... Rb7 $16 {keeps fighting.} 42. Rd2 Ra7) 42. Bxe4 Nf5 43. Bxf5 gxf5 {KR-KR} 44. Ke3 Rb8 {[#]} 45. Kd4 (45. Rc4 $1 $18 {is the precise move to win.} Rb5 46. Kd3) 45... Kd7 $2 {[#]} (45... Ra8 $16 46. Rc4 Rxa2) 46. Rc4 $1 Rb5 47. Rc5 Rb8 48. Kc4 Rg8 (48... Ra8 $142 49. Kb5 (49. Kxb4 Rxa2 50. Kb5 Ra3 $16) 49... Rxa2) 49. Kxb4 {White is clearly winning.} Rxg3 50. a4 {[%cal Ba2a4,Ba4a5][%mdl 32]} Rg4 51. Rc4 Rxh4 52. a5 Rh1 53. Kb5 {Accuracy: White = 66%, Black = 41%.} 1-0

[Event "Russia-China Match 2019"]
[Site "Moscow"]
[Date "2019.11.26"]
[Round "1.5"]
[White "Predke, Alexandr"]
[Black "Wen, Yang"]
[Result "1-0"]
[WhiteElo "2676"]
[BlackElo "2586"]
[Annotator "TA"]
[PlyCount "93"]
[EventDate "2019.11.26"]
[EventType "schev"]
[EventCountry "RUS"]
[SourceTitle "playchess.com"]
[Source "ChessBase"]
[SourceQuality "1"]

{[%evp 24,93,18,30,31,32,25,27,35,29,29,1,6,0,26,20,31,35,38,55,48,32,101,100,81,88,94,76,117,50,43,41,152,116,132,100,91,93,115,124,116,117,163,144,238,192,243,239,357,356,351,334,480,464,559,0,450,437,563,561,623,601,29967,29968,29962,29967,29966,29968,29975,29976,29976,29977]} 1. e4 e5 2. Nf3 Nc6 3. Bb5 a6 4. Ba4 Nf6 5. O-O b5 6. Bb3 Bc5 7. c3 d6 8. a4 Rb8 9. d4 Bb6 10. axb5 axb5 11. Na3 O-O 12. Nxb5 Bg4 13. Bc2 exd4 {C78: Ruy Lopez: Archangelsk and Möller Defences} 14. Nbxd4 Nxd4 15. cxd4 Bxf3 {White has an edge.} 16. gxf3 Nh5 {[#]} 17. Ra3 $146 ({Predecessor:} 17. f4 Qh4 18. Ra3 d5 19. exd5 f5 20. Qf3 Rbd8 21. Rc3 {1-0 (60) Harikrishna,P (2733)-Erdos,V (2624) Antalya 2017}) 17... Qh4 18. Kh1 (18. Qd2 {looks sharper.} d5 19. exd5 Qxd4 20. Ra4 Qxd2 21. Bxd2 Rfd8 22. Bc3) 18... Ra8 19. Be3 Rxa3 20. bxa3 g6 21. Rg1 Qf6 22. Rg4 $36 {[%mdl 2048] White has good play.} Ng7 {[#]} (22... c5 $14) 23. f4 $1 $16 d5 24. e5 Qe6 25. Rg5 f5 26. exf6 (26. Rg1 $16) 26... Rxf6 $14 27. Qb1 Qf7 (27... Nf5 $14) 28. a4 Nf5 29. Bxf5 Rxf5 30. Kg2 Qd7 31. Qd1 Kf7 32. h3 Qe6 33. Qb1 h6 (33... Qe4+ $16 34. Qxe4 dxe4) 34. Rxf5+ $18 Qxf5 {[#]} 35. Qb4 $1 Qe4+ (35... Ba7 {was called for.} 36. Qa5 Qe4+ 37. Kg3 Bxd4) 36. Kh2 Qe7 37. Qb5 Qd6 (37... Qe8 $142 38. Qxd5+ Qe6) 38. Kg2 Qe6 39. Kh2 Qd6 $1 40. Kg1 Qe6 41. a5 Qxh3 42. Qxd5+ ({Worse is} 42. axb6 Qg4+ 43. Kf1 Qd1+ 44. Kg2 Qg4+ 45. Kh2 Qh4+ 46. Kg2 Qg4+ 47. Kf1 Qd1+ 48. Kg2 Qg4+ $11) 42... Qe6 43. Qxe6+ {White mates.} Kxe6 44. axb6 cxb6 {[#]} 45. f5+ $1 {[%mdl 64] Discovered Attack} gxf5 (45... Kxf5 46. Bxh6) 46. Bxh6 Kd5 47. Bg7 {Accuracy: White = 76%, Black = 44%.} 1-0

[Event "Russia-China Match 2019"]
[Site "Moscow"]
[Date "2019.11.27"]
[Round "2.1"]
[White "Sarana, Alexey"]
[Black "Lu, Shanglei"]
[Result "1-0"]
[WhiteElo "2664"]
[BlackElo "2611"]
[Annotator "TA"]
[PlyCount "69"]
[EventDate "2019.11.26"]
[EventType "schev"]
[EventCountry "RUS"]
[SourceTitle "playchess.com"]
[Source "ChessBase"]
[SourceQuality "1"]

{[%evp 25,69,15,16,11,22,20,39,20,24,2,43,47,47,50,48,49,59,57,48,43,41,84,57,66,47,41,111,0,0,-35,50,72,48,68,350,218,216,180,570,604,2108,2092,1754,1869,1393,1274]} 1. d4 Nf6 2. c4 e6 3. Nf3 d5 4. Nc3 dxc4 ({Predecessor:} 4... Bb4 5. Bg5 dxc4 {1-0 (29) Grigoriants,S (2543)-Janik,I (2454) Skopje 2019}) 5. e4 Bb4 6. Bg5 c5 7. Bxc4 cxd4 8. Nxd4 Bxc3+ 9. bxc3 Qa5 10. Bb5+ Nbd7 11. Bxf6 Qxc3+ 12. Kf1 gxf6 13. h4 a6 14. Rh3 {D39: Queen's Gambit Declined: Ragozin Defence with 5 Bg5 dxc4} Qb4 15. Be2 Ne5 16. Rb1 {[%mdl 1024] White is slightly better. White has compensation.} Qd6 17. Rc3 O-O {[#]} 18. h5 $146 (18. Qd2 Ng6 19. h5 Nf4 20. Qe3 e5 21. Nc2 {½-½ (33) Grischuk,A (2766)-Karjakin,S (2773) Saint Louis 2018}) 18... Rd8 19. Rg3+ Kf8 20. Qb3 Bd7 ({Don't go for} 20... Qxd4 $2 21. Rd1 $18) 21. Rd1 $1 {aiming for Nc6!} Qc5 $1 22. Qe3 {Threatens to win with Nxe6+!} Rac8 $1 23. f4 Nc4 24. Bxc4 $1 Qxc4+ {[%mdl 64] Double Attack} 25. Kg1 {f5 is the strong threat.} Qb4 {[#]} ({Wrong is} 25... Qxa2 $2 26. Nf5 $1 $18 {[%mdl 512]}) (25... Ke7 $1 $14) 26. Kh2 ({White must play} 26. a3 $1 $16 {[%cal Ra3b4]} Qa5 27. Nb3 Qxa3 28. Qb6) 26... Ba4 $11 27. Rd3 Ke7 (27... Rd7 $1 $15 28. f5 e5 29. Ne6+ Ke7 30. Rxd7+ Bxd7) 28. e5 f5 29. a3 $1 $36 {[%cal Ra3b4][%mdl 2048] White is more active.} Qb2 $2 {[%mdl 8192]} (29... Qc4 $1 $14) 30. Rd2 Qc1 31. Qf2 {Strongly threatening Rg7!} Rc4 $2 (31... Rd7) 32. Rgd3 $18 {Intending Nc6+! and mate.White is clearly winning.} Rd7 {intending ...Rc3.} 33. Qh4+ ({Less strong is} 33. Nb3 Qxa3 34. Na5 Rxd3 $16) 33... Ke8 {[#]} 34. Rg3 $1 {[%cal Rg3g8][%mdl 512]} Rdxd4 35. Rxd4 {Accuracy: White = 85%, Black = 27%.} 1-0

[Event "Russia-China Match 2019"]
[Site "Moscow"]
[Date "2019.11.27"]
[Round "2.2"]
[White "Chigaev, Maksim"]
[Black "Bai, Jinshi"]
[Result "0-1"]
[WhiteElo "2623"]
[BlackElo "2600"]
[Annotator "TA"]
[PlyCount "160"]
[EventDate "2019.11.26"]
[EventType "schev"]
[EventCountry "RUS"]
[SourceTitle "playchess.com"]
[Source "ChessBase"]
[SourceQuality "1"]

{[%evp 9,160,0,0,0,0,0,0,0,0,0,0,0,0,0,4,-23,0,0,0,-101,-125,-150,-145,-159,-157,-156,-159,-152,-161,-153,-181,-162,-160,-160,-153,-154,-166,-160,-160,-154,-160,-157,-149,-162,-156,-174,-173,-170,-175,-191,-159,-166,0,-187,0,-169,-156,-169,-173,-177,-164,-188,-148,-152,-154,-157,-157,-157,-157,-151,-149,-151,-154,-156,-158,-158,-154,-154,-154,-195,-195,-308,-308,-308,-295,-294,-153,-153,-153,-157,-181,-181,-175,-181,-17,-385,-370,-547,-547,-539,-16,-16,0,-539,-539,-539,-539,-539,-370,-370,-342,-5110,-1098,-1103,-1099,-1080,-994,-946,-860,-5110,-531,-927,-917,-907,-906,-856,-655,-2393,-2430,-1971,-1649,-1508,-1275,-1179,-866,-854,-844,-5110,-702,-5110,-5110,-29972,-29973,-29973,-29972,-29970,-29972,-29968,-5110,-5110,-5110,-4133,-676]} 1. e4 e5 2. Nf3 Nf6 3. d4 Nxe4 4. dxe5 Bc5 (4... d5 5. Nbd2 Qd7 6. Nb3 Be7 7. Bd3 c5 8. c4 dxc4 9. Bxe4 Qxd1+ 10. Kxd1 cxb3 11. axb3 Nc6 12. Bxc6+ bxc6 13. Be3 Be6 14. Ke2 {½-½ (14) Ganguly,S (2621)-Wei,Y (2728) Makati 2018}) 5. Bc4 Nxf2 (5... Bxf2+ $6 6. Kf1 $16) 6. Bxf7+ $1 {[%mdl 64] Decoy. C43: Petroff Defence: 3 d4} Kxf7 7. Qd5+ Kg6 8. Qxc5 {The position is equal.} Nxh1 9. Nc3 {aiming for Qc4.} h6 10. Qc4 Kh7 11. Nd5 Re8 $1 12. Bxh6 $146 ({Predecessor:} 12. Qe4+) 12... gxh6 13. Qe4+ Kh8 14. O-O-O (14. Qf4 $1 $11 {was the only way to keep the balance.} Re6 15. Nxc7 $1 {[%mdl 512]}) 14... Re6 $1 $17 {White must now prevent ...Nf2.} (14... Nf2 $6 15. Qg6 $1 $11 {[%mdl 512]}) 15. Rxh1 Nc6 {And now ...d6 would win.} 16. h4 {next Ng5! is good for White.} d6 $1 {[%cal Rc6e5]} 17. Ng5 {[%csl Gg5][%cal Re4h7]} Qg8 $1 18. Nxe6 Bxe6 (18... Qxe6 19. Rf1 $16) 19. Nxc7 Rf8 $1 (19... Nxe5 20. Nxa8 Qxa8 21. Rd1 $14) 20. exd6 Bf5 (20... Bxa2 21. b3 $15) 21. Qd5 Qxd5 22. Nxd5 Rd8 23. Ne3 Be6 24. Rd1 Ne5 ({Inferior is} 24... Bxa2 25. b3 $16) 25. Rd4 Nf7 ({Worse is} 25... Bxa2 26. b3 $16) 26. Re4 Rxd6 27. g4 Kg7 ({Stronger than} 27... Bxa2 28. b3 $14) 28. b3 Bd7 29. Rc4 Rc6 {...Rxc4 is the strong threat.} 30. Rd4 Rd6 31. Rc4 $1 Be6 $2 (31... Kg6 $19 {Strongly threatening ...Bc6.} 32. Kb2 Bc6) 32. Ra4 $2 (32. Re4 $1 $11) 32... a6 $19 33. Rf4 Ne5 34. Re4 Nd7 35. a4 Nf6 36. Rb4 b6 37. g5 hxg5 38. hxg5 Nd7 $1 39. Ng2 Nc5 40. Nh4 a5 41. Rf4 Rd5 42. Nf3 Bf7 43. Kb2 Bh5 44. Nh4 Rxg5 45. Rf5 (45. Kc3 $142) 45... Rxf5 46. Nxf5+ Kf6 47. Ne3 Ke6 (47... Bf7 $1 $19 48. Kc3 Ke7) 48. Nc4 $17 Nd7 49. Kc3 Kd5 50. b4 Be2 $1 {[%cal Re2c4]} 51. Ne3+ {[#]} Kd6 $2 (51... Kc6 $1 $19 {Hoping for ...Kb7.} 52. Kd2 Ba6 53. b5+ {[#]} Bxb5 $1 {[%mdl 512]} 54. axb5+ Kxb5) 52. Kb3 $2 {[%mdl 8192]} (52. Nf5+ $1 $11 {and White is okay.} Ke5 53. Ne3) 52... Ne5 53. c3 (53. Kc3 $142) 53... Nc6 54. Nf5+ Kd5 $2 (54... Kc7 $19 {Threatens to win with ...Bg4.} 55. Ne3 Ne5 56. Nd5+ Kc6) 55. Ne3+ $11 Kd6 $2 {[%mdl 8192]} (55... Ke4 $11 56. Nc4 Bg4 57. Nxb6 Be6+ 58. Kc2 Bf7) 56. Nf5+ $1 $19 Kc7 57. Ne3 Kb7 58. Ka3 Bd3 59. Kb3 Ne5 60. Kb2 $2 (60. c4) 60... Bc4 (60... Nc4+ $142 61. Nxc4 Bxc4 62. bxa5 Bg8) 61. Kc2 Kc6 62. Kb2 Bf7 63. Kc2 Kc7 64. Kb2 Nc6 (64... Nc4+ $142 65. Nxc4 Bxc4) 65. Ka3 Kd6 66. Nf1 Ke5 67. Nd2 Bg8 68. bxa5 bxa5 69. Kb2 Kd5 70. Kc2 Kc5 71. Ne4+ Kb6 72. Kb2 Ne5 73. Nd2 Nd3+ (73... Nc4+ $142 74. Nxc4+ Bxc4) 74. Ka3 Kc5 75. Ne4+ Kc4 76. Nf6 Bf7 77. Nd7 Be6 78. Nf6 Kxc3 (78... Bd5 $142 79. Ne8 Nc5 80. Ng7 Bc6 81. Nf5 Kxc3 82. Ne7 Bxa4 83. Nf5 Bd7 84. Ng3 Bg4 85. Nf1 Kd3 86. Ng3 Ke3 87. Nf1+ Ke2 88. Ng3+ Kf2 89. Ne4+ Nxe4 90. Ka4 Ke3 91. Kb5 Kd4 92. Kxa5 Nd6 93. Ka4 Kc3 94. Ka3 Be6 95. Ka4 Bd5 96. Ka5 Kc4 97. Kb6 Nb5 98. Ka6 Kc5 99. Ka5 Be4 100. Ka4 Bc2+ 101. Ka5 Bd1 102. Ka6 Nd6 103. Ka5 Nb7+ 104. Ka6 Kc6 105. Ka7 Kc7 106. Ka8 Be2 107. Ka7 Bb5 108. Ka8 Nd6 109. Ka7 Nc8+ 110. Ka8 Bc6#) 79. Ne4+ Kd4 80. Nd6 Bd5 {Accuracy: White = 43%, Black = 63%.} 0-1

[Event "Russia-China Match 2019"]
[Site "Moscow"]
[Date "2019.11.27"]
[Round "2.3"]
[White "Esipenko, Andrey"]
[Black "Xu, Xiangyu"]
[Result "1-0"]
[WhiteElo "2636"]
[BlackElo "2583"]
[Annotator "TA"]
[PlyCount "69"]
[EventDate "2019.11.26"]
[EventType "schev"]
[EventCountry "RUS"]
[SourceTitle "playchess.com"]
[Source "ChessBase"]
[SourceQuality "1"]

{[%evp 16,69,33,8,15,5,0,0,31,29,32,23,45,37,52,62,44,33,78,72,66,65,68,68,78,68,76,80,74,67,78,20,20,25,34,18,96,113,149,152,121,150,135,141,218,224,234,222,29964,29965,29965,29964,6223,6099,5193,2556]} 1. d4 Nf6 2. c4 g6 3. Nc3 d5 4. cxd5 Nxd5 5. e4 Nxc3 6. bxc3 c5 7. Nf3 Bg7 8. Be3 Bg4 9. Qa4+ Nc6 {[%cal Bb8c6,Bc6e5,Be5g4][%mdl 32] D85: Exchange Grünfeld: Unusual White 7th moves and lines with 7 Nf3} (9... Nd7 10. Ne5 cxd4 11. cxd4 Bxe5 12. dxe5 O-O 13. f4 Rc8 14. Qa3 Rc2 15. Rc1 Qc7 16. Bd3 Rxc1+ 17. Qxc1 Qxc1+ 18. Bxc1 {0-1 (48) Kozul,Z (2609)-Li,C (2757) Karlsruhe 2016}) 10. Rc1 {And now d5 would win.} Bxf3 11. gxf3 O-O {[%cal Rc5d4] The position is equal.} 12. d5 Ne5 13. f4 $146 ({Predecessor:} 13. Be2 c4 14. f4 Nd3+ 15. Bxd3 cxd3 16. Qb5 Rc8 {½-½ (28) Gonzalez Rodriguez,J (2422)-Asis Gargatagli,H (2420) Barcelona 2011}) 13... Ng4 14. h4 $1 e6 15. dxe6 $1 ({Reject} 15. Bxc5 Qc7 $15) 15... fxe6 16. Qc4 Kh8 17. Qxe6 Nf6 18. h5 Nxh5 19. f5 Re8 20. Qc4 $1 b5 21. Qe2 Rxe4 {[#] ...Nf4 is the strong threat.} 22. fxg6 $1 Rh4 {[#]} 23. Rxh4 ({Better is} 23. Qf3 $1 $16 {Strongly threatening Rxh4.} Rb8 24. Bxb5) 23... Qxh4 $11 24. Qxb5 Nf6 25. Bg2 Rf8 (25... Re8 $11 {keeps the balance.} 26. Kf1 (26. Qxc5 Ng4 $15) 26... Bh6) 26. Qxc5 $16 Ng4 27. Bd4 {[%cal Rc5f8]} Re8+ 28. Kf1 hxg6 29. Qxa7 {[%csl Gd4][%cal Ra7g7]} Bxd4 (29... Re7 $16 30. Qb8+ Kh7) 30. Qxd4+ $40 {[%mdl 128] White goes for the king.} Kg8 31. Rb1 {Threatens to win with Bd5+.} Re5 $2 (31... Rd8 $18 32. Bd5+ Kf8 33. Qf4+ Qf6 34. Qxg4 Rxd5 35. Rb8+ Kf7 36. Rb7+ Kg8) 32. Qc4+ Kf8 33. Rb8+ Re8 34. Qc5+ Qe7 35. Rxe8+ {[%mdl 64] Pin. Accuracy: White = 72%, Black = 48%.} 1-0